MARC details
| 000 -CABECERA |
| campo de control de longitud fija |
02080nam a22002777a 4500 |
| 003 - IDENTIFICADOR DEL NÚMERO DE CONTROL |
| campo de control |
OSt |
| 005 - FECHA Y HORA DE LA ÚLTIMA TRANSACCIÓN |
| campo de control |
20260512153810.0 |
| 008 - DATOS DE LONGITUD FIJA--INFORMACIÓN GENERAL |
| campo de control de longitud fija |
251023b |||||||| |||| 00| 0 eng d |
| 022 ## - NÚMERO INTERNACIONAL NORMALIZADO PARA PUBLICACIONES SERIADAS |
| Número Internacional Normalizado para Publicaciones Seriadas |
0007-6503 |
| 040 ## - FUENTE DE LA CATALOGACIÓN |
| Centro catalogador/agencia de origen |
English |
| Centro/agencia transcriptor |
tbs |
| 041 ## - CÓDIGO DE LENGUA |
| Código de lengua del texto/banda sonora o título independiente |
English |
| 100 ## - ENTRADA PRINCIPAL--NOMBRE DE PERSONA |
| Nombre de persona |
Dahan, Nicolas M. |
| 9 (RLIN) |
26430 |
| 245 ## - MENCIÓN DE TÍTULO |
| Título |
The Governance Challenges of Corporate Political Activity. |
| Mención de responsabilidad, etc. |
/ Nicolas M. Dahan, Michael Hadani and Douglas A. Schuler |
| 260 ## - PUBLICACIÓN, DISTRIBUCIÓN, ETC. |
| Nombre del editor, distribuidor, etc. |
Business & Society |
| Fecha de publicación, distribución, etc. |
2013 |
| 362 ## - FECHAS DE PUBLICACIÓN Y/O DESIGNACIÓN SECUENCIAL |
| Fecha de publicación y/o designación secuencial |
Business & Society. Sep2013, Vol. 52 Issue 3, p365-387. 23p. |
| 520 ## - SUMARIO, ETC. |
| Sumario, etc. |
This article explains the rationale for study of the governance challenges of corporate political activity. The topic is important, especially in light of the U.S. Supreme Court's 2010 Citizens United decision, but understudied to date. The authors review the literature bearing on this topic. The authors separate consideration of the topic into macro-level and micro-level issues. The macro level concerns the societal perspective. At this level, key research questions concern whether corporate political activity be allowed, and how it should be regulated. The micro level covers managerial and shareholder control over corporate political activity. At this level, key research questions include concern whether the firm should practice political activity and how to regulate practice through professional self-regulation, ethical guidelines, and corporate governance systems control. The remainder of this article contains focused summaries of the articles selected for this Special Issue. Each article is introduced and evaluated against the key research questions at the macro or micro levels of analysis. |
| 653 ## - TÉRMINO DE INDIZACIÓN--NO CONTROLADO |
| Término no controlado |
Corporate political activity |
| 653 ## - TÉRMINO DE INDIZACIÓN--NO CONTROLADO |
| Término no controlado |
Corporate governance |
| 653 ## - TÉRMINO DE INDIZACIÓN--NO CONTROLADO |
| Término no controlado |
Stockholders |
| 653 ## - TÉRMINO DE INDIZACIÓN--NO CONTROLADO |
| Término no controlado |
Self regulation |
| 653 ## - TÉRMINO DE INDIZACIÓN--NO CONTROLADO |
| Término no controlado |
United States. Supreme Court |
| 700 ## - ENTRADA AGREGADA--NOMBRE PERSONAL |
| Nombre de persona |
Hadani, Michael |
| 9 (RLIN) |
26431 |
| 700 ## - ENTRADA AGREGADA--NOMBRE PERSONAL |
| Nombre de persona |
Schuler, Douglas A. |
| 9 (RLIN) |
26432 |
| 856 ## - LOCALIZACIÓN Y ACCESO ELECTRÓNICOS |
| Identificador Uniforme del Recurso |
<a href="https://bibliotheque.tbs-education.fr/Default/doc/bth/90008240/the-governance-challenges-of-corporate-political-activity">https://bibliotheque.tbs-education.fr/Default/doc/bth/90008240/the-governance-challenges-of-corporate-political-activity</a> |
| 942 ## - ELEMENTOS DE ENTRADA AGREGADA (KOHA) |
| Fuente del sistema de clasificación o colocación |
Clasificación de Library of Congress |